Loading...
| Literature - European | 0 | 6 | 0 | 0 | 60 | 28 | 74.33 | 1 | 6 | 0.00 | 0.00 |
| Literature - American | 0 | 6 | 0 | 0 | 60 | 56 | 96.00 | 0 | 1 | 0.00 | 0.00 |
| Mythology | 0 | 5 | 0 | 0 | 50 | 56 | 64.60 | 0 | 5 | 0.00 | 0.00 |
| Literature - British | 0 | 4 | 1 | 0 | 35 | 61 | 83.75 | 0 | 2 | 0.00 | 0.00 |
| Religion | 0 | 3 | 0 | 0 | 30 | 94 | 104.33 | 0 | 0 | 0.00 | 0.00 |
| Geography | 0 | 3 | 0 | 1 | 30 | 31 | 75.67 | 1 | 1 | 0.00 | 0.00 |
| History - American | 0 | 3 | 0 | 1 | 30 | 39 | 57.00 | 1 | 2 | 0.00 | 0.00 |
| History - European | 0 | 3 | 0 | 0 | 30 | 79 | 84.00 | 0 | 0 | 0.00 | 0.00 |
| History - Other | 0 | 2 | 0 | 0 | 20 | 77 | 86.00 | 0 | 0 | 0.00 | 0.00 |
| Literature - World | 0 | 2 | 0 | 0 | 20 | 94 | 107.00 | 0 | 1 | 0.00 | 0.00 |
| Popular Culture | 0 | 2 | 0 | 0 | 20 | 50 | 63.50 | 1 | 2 | 0.00 | 0.00 |
| Fine Arts - Painting and Sculpture | 0 | 1 | 0 | 0 | 10 | 64 | 64.00 | 0 | 1 | 0.00 | 0.00 |
| Philosophy | 0 | 1 | 0 | 0 | 10 | 84 | 84.00 | 0 | 0 | 0.00 | 0.00 |
| Current Events | 0 | 1 | 0 | 0 | 10 | 109 | 109.00 | 0 | 0 | 0.00 | 0.00 |